| 000 | 00477cam a2200181ua 4500 | ||
|---|---|---|---|
| 001 | 3729 | ||
| 008 | 120216n ii |||gr||||Z||||||asm | ||
| 040 | _cMAIN | ||
| 082 | _a398.2049145 | ||
| 100 |
_aGoswami, Prafulla Dutta, _eAuthor. |
||
| 245 | 1 | 1 |
_aAsamiya jana sahitya _cby Prafulla Dutta Goswami |
| 250 | _a4th. | ||
| 260 |
_aGuwahati: _bBani Prakash,986. |
||
| 300 |
_a172p: _bill; _c23cm. |
||
| 653 | _aAssamese literature | ||
| 653 | _aAsamiya jana sahitya | ||
| 942 | _cBK | ||
| 999 |
_c3555 _d3555 |
||